Paul the all-round man. (Record no. 5186)

000 -LEADER
fixed length control field 00566nam a2200181 a 4500
001 - CONTROL NUMBER
control field :::00002927$&:&@@
003 - CONTROL NUMBER IDENTIFIER
control field OkBaRHE
005 - DATE AND TIME OF LATEST TRANSACTION
control field 20000607103258.0
008 - FIXED-LENGTH DATA ELEMENTS--GENERAL INFORMATION
fixed length control field s1909 j 000 0 eng u
040 ## - CATALOGING SOURCE
Transcribing agency
100 1# - MAIN ENTRY--PERSONAL NAME
Personal name Speer, Robert E.
245 10 - TITLE STATEMENT
Title Paul the all-round man.
260 ## - PUBLICATION, DISTRIBUTION, ETC. (IMPRINT)
Place of publication, distribution, etc New York, NY., :
Name of publisher, distributor, etc Fleming H. Revell Company
Date of publication, distribution, etc c1909
300 ## - PHYSICAL DESCRIPTION
Extent 127 p. ;
Dimensions 18 cm.
650 ## - SUBJECT ADDED ENTRY--TOPICAL TERM
Topical term or geographic name as entry element Paul, Saint, apostle
942 ## - ADDED ENTRY ELEMENTS (KOHA)
Source of classification or shelving scheme
Koha item type Books
Copies
Barcode Shelving location Not for loan Price effective from Full call number Date last seen Permanent Location Damaged status Lost status Koha item type Date acquired Withdrawn status Source of classification or shelving scheme Copy number
2927General Stacks 2010-04-14BS 2505 .S6352018-03-16RHEMA Bible Training College  Books2010-04-14  1